| 000 | 00475nam a2200157Ia 4500 | ||
|---|---|---|---|
| 008 | 160316s1996 xxu||||| |||| 00| 0 eng d | ||
| 082 |
_a310.000000 _bSAH |
||
| 100 | _aSaha Suranjan | ||
| 245 | _aQantitative methods mathemetical, statistical and economic techniques | ||
| 250 | _a2nd | ||
| 260 |
_aCalcutta _bNew Central Books _c1996 |
||
| 300 |
_a256p* _b _c |
||
| 365 | _bRs.195/- | ||
| 650 | _a1. Statistical Methods - Quantitative Methods | ||
| 700 |
_aMukharjee Sampat _a |
||
| 999 |
_c11611 _d11611 |
||